The noble scholar, jurist, historian


 His Excellency Dr. Abdul Wahhab bin Ibrahim Abu Sulaiman, may Allah have mercy on him.


 He was born in Umm Al-Qura in the year 1356 AH.

تحقيق كتاب لباب المحصول في علم الأصول لابن رشيق المالكي المتوفى سنة 680 هـ / (Record no. 13541)

MARC details
000 -LEADER
fixed length control field 01990ctm a22003491a 4500
003 - CONTROL NUMBER IDENTIFIER
control field SA-RiAUC
005 - DATE AND TIME OF LATEST TRANSACTION
control field 20251215131443.0
007 - PHYSICAL DESCRIPTION FIXED FIELD--GENERAL INFORMATION
fixed length control field co ug ---uuauu         
008 - FIXED-LENGTH DATA ELEMENTS--GENERAL INFORMATION
fixed length control field 251209s1996 su fsbm 00000 ara c
040 ## - CATALOGING SOURCE
Original cataloging agency SA-JeALM
Language of cataloging ara
Transcribing agency SA-RiAUC
Description conventions rda
082 04 - DEWEY DECIMAL CLASSIFICATION NUMBER
Classification number 251
Assigning agency SA-RiAUC
090 ## - LOCALLY ASSIGNED LC-TYPE CALL NUMBER (OCLC); LOCAL CALL NUMBER (RLIN)
Classification number (OCLC) (R) ; Classification number, CALL (RLIN) (NR) ر 251
Local cutter number (OCLC) ; Book number/undivided call number, CALL (RLIN) ج ا ب
100 1# - MAIN ENTRY--PERSONAL NAME
Personal name جابي، محمد غزالي عمر
245 10 - TITLE STATEMENT
Title تحقيق كتاب لباب المحصول في علم الأصول لابن رشيق المالكي المتوفى سنة 680 هـ /
Statement of responsibility, etc. محمد غزالي عمر جاب ؛ إشراف السيد صالح عوض النجار.
260 ## - PUBLICATION, DISTRIBUTION, ETC.
Date of publication, distribution, etc. [1996]
264 ## - PRODUCTION, PUBLICATION, DISTRIBUTION, MANUFACTURE, AND COPYRIGHT NOTICE
Place of production, publication, distribution, manufacture مكة المكرمة :
Name of producer, publisher, distributor, manufacturer جامعة أم القرى
Date of production, publication, distribution, manufacture, or copyright notice 1997
300 ## - PHYSICAL DESCRIPTION
Extent 346 ورقة؛
Dimensions 30 سم.
500 ## - GENERAL NOTE
General note إهداء من المؤلف محمد غزالي عمر جاب بتاريخ 1418/12/9 هـ
500 ## - GENERAL NOTE
General note أطروحة (دكتوراه)-جامعة أم القرى، كلية الشريعة، قسم الدراسات العليا الشرعية، 1996.
502 ## - DISSERTATION NOTE
Dissertation note أطروحة (دكتوراه)-جامعة أم القرى، كلية الشريعة، قسم الدراسات العليا الشرعية، 1996.
504 ## - BIBLIOGRAPHY, ETC. NOTE
Bibliography, etc. note يشتمل على إرجاعات ببليوجرافية.
600 17 - SUBJECT ADDED ENTRY--PERSONAL NAME
Personal name بن رشيق، الحسن بن رشيق القيرواني،
Dates associated with a name 390-463 هجري
Form subdivision أقراص مدمجة
Source of heading or term aucnm
650 #7 - SUBJECT ADDED ENTRY--TOPICAL TERM
Topical term or geographic name entry element الفقه المالكي
Source of heading or term aucsh
650 #7 - SUBJECT ADDED ENTRY--TOPICAL TERM
Topical term or geographic name entry element أصول الفقه الإسلامي
Source of heading or term aucsh
700 12 - ADDED ENTRY--PERSONAL NAME
Personal name بن عتيق، الحسين بن عتيق بن الحسين،
Dates associated with a name توفي حوالي 680 هجري
700 12 - ADDED ENTRY--PERSONAL NAME
Personal name الغزالي، محمد بن محمد بن محمد،
Titles and other words associated with a name حجة الإسلام،
Dates associated with a name 450-505 هجري
700 ## - ADDED ENTRY--PERSONAL NAME
Personal name النجار, السيد صالح عوض.
Relator term إشراف
740 02 - ADDED ENTRY--UNCONTROLLED RELATED/ANALYTICAL TITLE
Uncontrolled related/analytical title لباب المحصول في علم الأصول.
740 02 - ADDED ENTRY--UNCONTROLLED RELATED/ANALYTICAL TITLE
Uncontrolled related/analytical title المستصفى من علم الأصول.
942 ## - ADDED ENTRY ELEMENTS (KOHA)
Source of classification or shelving scheme Dewey Decimal Classification
Koha item type رسالة علمية
Suppress in OPAC No
949 ## - LOCAL PROCESSING INFORMATION (OCLC)
a SA-JeALM
d 251209
u mohamedma123
n 1
Holdings
Withdrawn status Lost status Source of classification or shelving scheme Damaged status Not for loan Collection Home library Current library Date acquired Total checkouts Full call number Barcode Date last seen Price effective from Koha item type
    Dewey Decimal Classification     اهداء DR AbdElwahab Library DR AbdElwahab Library 12/15/2025   ر 251 ج ا ب 000021718 12/15/2025 12/15/2025 رسالة علمية